000 00785nam a2200277Ia 4500
003 OSt
005 20220918163414.0
006 a|||||r|||| 00| 0
007 ta
008 220917b |||||||| |||| 00| 0 eng d
020 _a0 7100 7641 X
024 _a31,039
037 _cTextual
040 _aARTS
_cARTS
_beng
041 _2eng
_aeng
082 _aO111,3M79:g, L3
100 _aGardner Philip ed
_912982
245 0 _aE M Forster
_b the critical heritage
260 _aLondon
_bRoutledge and Kegan Paul UK
_c1973
300 _axx,498p.
_ccm.
490 _aCritical heritage series , ed by B C Southam
500 _aBib 491-92p
650 _aENGLISH LITERATURE
942 _hO111,3M79:g, L3
_cTEXL
_2CC
999 _c119393
_d119393